La Liga Player 30 or More Goal and Assist - Statistics

General Stats
  • This quiz has been taken 81 times
    34 since last reset
  • The average score is 60 of 71
Answer Stats
Season Player Nationality Club Goal / Assist % Correct
Cristiano Ronaldo Portugal Real Madrid 26G9A
100%
10/11 Cristiano Ronaldo Portugal Real Madrid 40G13A
100%
Cristiano Ronaldo Portugal Real Madrid 34G11A
100%
13/14 Cristiano Ronaldo Portugal Real Madrid 31G11A
100%
14/15 Cristiano Ronaldo Portugal Real Madrid 48G17A
100%
Cristiano Ronaldo Portugal Real Madrid 35G11A
100%
Cristiano Ronaldo Portugal Real Madrid 25G6A
100%
Cristiano Ronaldo Portugal Real Madrid 26G5A
100%
Lionel Messi Argentina FC Barcelona 23G13A
100%
09/10 Lionel Messi Argentina FC Barcelona 34G11A
100%
Lionel Messi Argentina FC Barcelona 31G21A
100%
11/12 Lionel Messi Argentina FC Barcelona 50G19A
100%
Lionel Messi Argentina FC Barcelona 46G12A
100%
12/13 Lionel Messi Argentina FC Barcelona 46G13A
100%
Lionel Messi Argentina FC Barcelona 28G11A
100%
Lionel Messi Argentina FC Barcelona 43G21A
100%
Lionel Messi Argentina FC Barcelona 26G16A
100%
16/17 Lionel Messi Argentina FC Barcelona 37G12A
100%
17/18 Lionel Messi Argentina FC Barcelona 34G14A
100%
18/19 Lionel Messi Argentina FC Barcelona 36G14A
100%
19/20 Lionel Messi Argentina FC Barcelona 25G22A
100%
20/21 Lionel Messi Argentina FC Barcelona 30G11A
100%
Neymar Brazil FC Barcelona 22G9A
100%
Neymar Brazil FC Barcelona 24G16A
100%
Gareth Bale Wales Real Madrid 19G11A
97%
Karim Benzema France Real Madrid 21G11A
97%
Karim Benzema France Real Madrid 24G8A
97%
Karim Benzema France Real Madrid 23G9A
97%
21/22 Karim Benzema France Real Madrid 27G12A
97%
Luis Suárez Uruguay FC Barcelona 16G16A
97%
15/16 Luis Suárez Uruguay FC Barcelona 40G18A
97%
Luis Suárez Uruguay FC Barcelona 28G15A
97%
Luis Suárez Uruguay FC Barcelona 25G13A
97%
Robert Lewandowski Poland FC Barcelona 23G7A
97%
96/97 Ronaldo Brazil FC Barcelona 34G10A
97%
03/04 Ronaldo Brazil Real Madrid 24G9A
97%
04/05 Samuel Eto'o Cameroon FC Barcelona 25G5A
97%
Samuel Eto'o Cameroon FC Barcelona 26G7A
97%
Samuel Eto'o Cameroon FC Barcelona 30G4A
97%
22/23 Antoine Griezmann France Atletico Madrid 15G17A
93%
08/09 Diego Forlán Uruguay Atletico Madrid 32G10A
93%
Raúl Spain Real Madrid 21G15A
93%
05/06 Ronaldinho Brazil FC Barcelona 17G18A
93%
06/07 Ronaldinho Brazil FC Barcelona 21G9A
93%
Alexis Sánchez Chile FC Barcelona 19G12A
90%
David Villa Spain Valencia CF 28G6A
90%
Gonzalo Higuaín Argentina Real Madrid 22G12A
90%
Gonzalo Higuaín Argentina Real Madrid 27G7A
90%
Gonzalo Higuaín Argentina Real Madrid 22G9A
90%
86/87 Hugo Sánchez Mexico Real Madrid 34G7A
90%
Hugo Sánchez Mexico Real Madrid 29G5A
90%
Hugo Sánchez Mexico Real Madrid 27G5A
90%
89/90 Hugo Sánchez Mexico Real Madrid 38G10A
90%
98/99 Rivaldo Brazil FC Barcelona 24G16A
90%
00/01 Rivaldo Brazil FC Barcelona 23G10A
90%
Vinicius Junior Brazil Real Madrid 17G13A
90%
23/24 Artem Dovbyk Ukraine Girona FC 24G8A
83%
Diego Costa Spain Atletico Madrid 27G3A
72%
Gerard Moreno Spain Villa Real 23G7A
66%
93/94 Romário Brazil FC Barcelona 30G12A
62%
02/03 Roy Makaay Netherlands Deportivo Coruña 29G4A
59%
07/08 Dani Güiza Spain RCD Mallorca 27G7A
48%
94/95 Iván Zamorano Chile Real Madrid 28G9A
48%
95/96 Predrag Mijatović Yugoslavia Valencia CF 28G6A
38%
77/78 Mario Kempes Argentina Valencia CF 28G2A
31%
87/88 Míchel Spain Real Madrid 14G22A
17%
Toni Polster Austria Sevilla 33G0A
17%
78/79 Hans Krankl Austria FC Barcelona 29G5A
14%
Juan Antonio Pizzi Spain CD Tenerife 31G0A
14%
81/82 Quini Spain FC Barcelona 27G3A
10%
88/89 Baltazar Brazil Atletico Madrid 35G0A
7%
No matching quizzes found
Score Distribution
Percent of People with Each Score
Percentile by Number Answered
Your Score History
You have not taken this quiz since the last reset